Correspondencia del Rey, donde se le informa que no han podido cumplir con la real cédula, para que del Cabildo vaya un representante al Consejo de Indias

Detalles Bibliográficos
Formato: Libro
Publicado: s.l., 1671
Materias:
Colección:Banco de datos
Acervo:Biblioteca Palafoxiana. Colección de Manuscritos
Descripción Física:1 f. ; 32 x 21 cm.
Tema general:Eclesiástica
LEADER 00460nam a22001330004500
035 |a 5262 
245 1 0 |a Correspondencia del Rey, donde se le informa que no han podido cumplir con la real cédula, para que del Cabildo vaya un representante al Consejo de Indias 
260 |a s.l., 1671 
300 |a 1 f. ; 32 x 21 cm. 
650 1 0 |a Eclesiástica 
949 |a R538/084 
942 |c PALAMANU 
943 |g Biblioteca Palafoxiana. Colección de Manuscritos 
999 |c 1073207  |d 1073207